Statistics for Losing NFL Quarterbacks in AFC/NFC Championship games

Click here to take the quiz!

General Stats

  • This quiz has been taken 45 times
  • The average score is 42 of 75

Answer Stats

Team Answer % Correct
PatriotsTom Brady
96%
ChargersPhilip Rivers
96%
ColtsPeyton Manning
96%
SteelersBen Roethlisberger
92%
SaintsDrew Brees
88%
49ersJoe Montana
88%
PackersAaron Rodgers
88%
PackersBrett Favre
88%
CowboysTroy Aikman
88%
VikingsWade Wilson
85%
49ersSteve Young
85%
FalconsMatt Ryan
85%
SeahawksRussell Wilson
85%
ColtsAndrew Luck
85%
BroncosJohn Elway
81%
RavensJoe Flacco
81%
CardinalsCarson Palmer
81%
JaguarsBlake Bortles
81%
ChiefsPatrick Mahomes
81%
CowboysRogers Staubach
77%
SteelersTerry Bradshaw
77%
BillsJim Kelly
77%
EaglesDonovan McNabb
73%
BearsJay Cutler
73%
FalconsMichael Vick
73%
TitansSteve McNair
69%
VikingsRandall Cunningham
69%
VikingsDaunte Culpepper
69%
JetsMark Sanchez
69%
DolphinsDan Marino
69%
RaidersKen Stabler
69%
TitansRyan Tannehill
65%
JaguarsMark Brunell
65%
VikingsCase Keenum
65%
PanthersJake Delhomme
65%
49ersAlex Smith
65%
RaidersRich Gannon
62%
ColtsJohnny Unitas
62%
JetsVinnie Testaverde
58%
ChargersDan Fouts
54%
BuccaneersDoug Williams
54%
SteelersKordell Stewart
50%
BrownsBernie Kosar
50%
PanthersKerry Collins
50%
SteelersNeil O'Donnell
50%
CowboysDanny White
46%
BroncosJake Plummer
42%
CowboysCraig Morton
38%
ChiefsDave Krieg
38%
SeahawksDan Krieg
38%
LionsErik Kramer
38%
RamsJim Everett
38%
ColtsJim Harbaugh
35%
RaidersDaryle Lamonica
31%
OilersDan Pastorini
31%
RamsRoman Gabriel
27%
BearsMike Tomczak
27%
49ersJohn Brodie
23%
RedskinsJay Schroeder
23%
BillsJack Kemp
23%
RaidersGeorge Blanda
23%
RamsDieter Brock
19%
BrownsBill Nelsen
19%
BuccaneersShaun King
19%
SteelersMark Malone
19%
RamsPat Haden
19%
RamsJames Harris
15%
VikingsBob Lee
15%
RamsRon Jaworski
15%
BearsSteve Fuller
12%
JetsFreeman McNeil
4%
OilersPete Beathard
4%

Score Distribution

Percentile by Number Answered

Percent of People with Each Score

Your Score History

You have not taken this quiz